000 00463nam a2200145Ia 4500
008 230917s9999||||xx |||||||||||||| ||und||
040 _e181253
_aMAIN
041 _aEnglish
082 _a954.01 C392B
100 _aचतुरसेन
245 0 _aभारत के नए-पुराने जीवन पर एक चिड़िया की नजर
260 _aबनारस
_bचौधरी
_c1961
300 _a130 पृ. p.
942 _cHN
999 _c209187
_d209187